Déjame entrar /
Furkejuvvon:
| Váldodahkki: | |
|---|---|
| Materiálatiipa: | Girji |
| Giella: | espánnjágiella |
| Almmustuhtton: |
México :
Espasa,
2011, c2010
|
| Fáttát: | |
| Fáddágilkorat: |
Eai fáddágilkorat, Lasit vuosttaš fáddágilkora!
|
MARC
| LEADER | 00000nam^a2200000^a^4500 | ||
|---|---|---|---|
| 001 | 000561527 | ||
| 005 | 20250521000000.0 | ||
| 009 | 20260310131926.518 | ||
| 020 | |a 978-607-07-0627-1 | ||
| 037 | |a Acervo ITESO - Biblioteca | ||
| 041 | |a ESP | ||
| 082 | |a 839. 7 |b LIN | ||
| 100 | |a Lindqvist, John Ajvide |e (autor) | ||
| 240 | 1 | 1 | |a [Déjame entrar, de John Ajvide Lindqvist] |
| 245 | 1 | 0 | |a Déjame entrar / |c J.A. Lindqvist ; tr. por Gemma Pecharromán. |
| 264 | 4 | |a México : |b Espasa, |c 2011, c2010 | |
| 300 | |a 455 p. | ||
| 336 | |a texto |b txt |2 rdacontenido | ||
| 337 | |a sin mediación |b n |2 rdamedio | ||
| 338 | |a volumen |b nc |2 rdasoporte | ||
| 500 | |a Traducción de: Låt den rätte komma in | ||
| 545 | 0 | |a John Ajvide Lindqvist (Blackeberg, 1968), autor sueco cuya obra narrativa ha sido elogiada como una de las contribuciones más originales de inicios del siglo XXI al género del terror. Después de trabajar como ilusionista y cómico durante doce años, escribe algunos de los capítulos de Reuter & Skoog (1999), serie de la televisión sueca. Sus novelas Déjame entrar (2004), Descansa en paz (2005) y Puerto humano (2008) exploran –por medio de personajes como vampiros, zombies y fantasmas- los límites que las sociedades puede soportar, su tolerancia hacia la otredad y las partes más oscuras de la psique humana. Otras de sus creaciones son Tindalos (2007), publicada por entregas en el periódico sueco Dagens Nyheter, y Pequeña estrella (2009) y el volumen de relatos Paredes de papel (2006). El autor sueco es un admirador confeso del cine del tapatío Guillermo del Toro, quien seleccionó la adaptación fílmica de Déjame entrar (2008) –escrita por el propio Lindqvist- para el ciclo de cine de vampiros que programó en el XXVI Festival Internacional de Cine de Guadalajara (2011). | |
| 561 | |a Ex libris manuscrito de Aida Avila Abaroa, fechado en enero de 2013 | ||
| 649 | |a XX | ||
| 650 | |a Vampiros en la Literatura | ||
| 650 | |a Niños en la Literatura | ||
| 650 | |a Novela Sueca | ||
| 650 | |a Literatura Policíaca y de Misterio - |z Suecia | ||
| 650 | |a Literatura Sueca - |y Siglo XXI | ||
| 650 | |a Amistad | ||
| 650 | |a Acoso Escolar | ||
| 650 | |a Infanticidio | ||
| 650 | |a Asesinato | ||
| 650 | |a Venganza | ||
| 650 | |a Sangre (En Religión, Folklore, etc.) | ||
| 910 | |a Fondo Castillo-Martínez | ||
| 920 | |a Impresos - Libros | ||
| 930 | |a Fondos Especiales | ||
| 940 | |a Literatura | ||
| 905 | |a 127 | ||
| 901 | |a 0500347294 |b IT2 |c ESP |i D125653 |u 20250521 | ||
| 902 | |a https://opac.biblio.iteso.mx/vufind/Record/000561527 | ||